Statistics for North and West Africa Map Test

Click here to take the quiz!

General Stats

  • This quiz has been taken 72 times
  • The average score is 14 of 23

Answers on the Map

Answers color-coded by a green-red scale on the quiz's map according to % correct below.
 

Answer Stats

Answer% Correct
Egypt
96%
Morocco
85%
Libya
78%
Tunisia
78%
Algeria
74%
Mali
74%
Mauritania
74%
Cape Verde
70%
Niger
70%
Sudan
63%
Nigeria
59%
Benin
56%
Senegal
56%
Guinea- Bissau
52%
Ghana
48%
Guinea
48%
The Gambia
48%
Burkina Faso
44%
Togo
44%
Ivory Coast
41%
Sierra Leone
41%
Liberia
33%
Western Sahara
33%

Score Distribution

Percentile by Number Answered

Percent of People with Each Score

Your Score History

You have not taken this quiz